000 00923nam a2200229 a 4500
001 000038681
003 DO-SdBNP
005 20220728134036.0
008 130417s1987 dr 000 0 spa d
040 _aDO-SdBNP
_bspa
_cBNPHU
082 _bR426L, 1987
110 1 _aRepública Dominicana
_9447
240 1 0 _a[Leyes, etc.]
245 1 0 _aCódigo de procedimiento civil de la República Dominicana y legislación complementaria.
_cArtaganan Pérez Méndez.
260 _aSanto Domingo :
_bTiempo,
_c1987.
300 _a354 p. ;
_c21 cm.
490 1 _aTextos legislativos
_v1
500 _aLa pesente publicación es un fácsimil de la tercera edición oficial del Código de Procedimiento Civil, ampliada con leyes complementarias y relizada de acuerdo con las disposiciones de la Ley No. 32-86 de derecho de autor
590 _aInventariado, 2018/VM
830 0 _aTextos legislativos
_n1
_964996
942 _2ddc
_cLBS1
999 _c38171
_d38171